000 00596nam a2200217Ia 4500
008 131103s9999 xx 000 0 und d
020 _aSBN 370013050
040 _aLoreto College
041 _aEnglish
082 _a378.42/CAI
_bLCLIB/21265,26162
100 _aCaine,Sydney
245 _aBritish universities
_b purpose and prospects
_cSydney Caine
260 _aLondon
_bThe Bodley Head
_c1969
300 _a272 p.
_c 22 cm.
504 _aIncludes index
630 _aGreat Britain - Education
650 _aEducation
651 _aHigher Education
850 _aLCLIB
942 _cBK
999 _c10833
_d61312